Úvod do obecné bioniky /

Hlavní autor: Heynert, Horst
Jazyk: Čeština
Vydáno: Praha : Academia, 1977
Vydání: 1. vyd.
Témata:
Fyzický popis: 218 s.
Knihy
Uloženo v:
LEADER 00899nam a22002652a 4500
001 000415982
003 CZ BrMZK
005 20110809212125.0
007 ta
008 990307s1977 xr f cze d
015 |a cnb000410070 
035 |a (OCoLC)42171650 
040 |a BOA001  |b cze 
100 1 |a Heynert, Horst  |7 ola2008455730 
245 1 0 |a Úvod do obecné bioniky /  |c Horst Heynert 
250 |a 1. vyd. 
260 |a Praha :  |b Academia,  |c 1977 
300 |a 218 s. 
910 |a BOA001  |b PK-0079.727  |b 2-0772.256 
920 |a 000127648 
964 |a Bionika - úvody 
990 |a BK 
996 6 |b 2619809915  |c 2-0772.256  |l MZK  |r Sklad / do 1 hodiny  |n 0  |w 000415982  |u 000030  |a 1  |e BOA001  |j MZK50  |s P 
996 7 |b 2619973178  |c 2-0772.256  |l MZK  |r Sklad / do 1 hodiny  |n 6  |w 000415982  |u 000020  |a 1  |e BOA001  |j MZK50  |s A 
996 7 |b 3119824849  |c PK-0079.727  |l MZK  |r Sklad / do 1 hodiny  |n 12  |w 000415982  |u 000010  |a 1  |e BOA001  |j MZK50  |s A